000 00373nam a22001697a 4500
005 20160628150219.0
008 160628b xxu||||| |||| 00| 0 eng d
020 _a0-141-18738-7
041 _aeng
082 _b10614
100 _aOrwell, George
_92898
245 _aAnimal Farm
260 _bPenguin
_c2003
300 _a102
650 _aManagement
_9241
942 _cBK
999 _c4494
_d4493